000 00613cam a2200193 4500500
005 20260329002725.0
041 _afre
042 _adc
100 1 0 _aEnjalbert, Cédric
_eauthor
245 0 0 _aCarolyn Carlson : « L’espace alors s’agrandit et le temps s’allonge »
260 _c2013.
500 _a52
690 _aCarolyn Carlson
690 _aCorps
690 _aDanse
690 _aNietzsche
786 0 _nPhilosophie magazine | 70 | 6 | 2013-06-01 | p. 31-31 | 1951-1787
856 4 1 _uhttps://shs.cairn.info/magazine-philosophie-magazine-2013-6-page-31?lang=fr&redirect-ssocas=7080
999 _c1817780
_d1817780